000
00311nam a22001337a 4500
008
170511b xxu||||| |||| 00| 0 eng d
020
_a
9781566629928
041
_a
eng
080
_a
34
100
_a
15
101
_a
SHJ
245
_a
FOUNDATIONS OF LABOR AND EMPLOYMENT LAW
_c
ESTREICHER, S
942
_2
udc
_c
BK
999
_c
13238
_d
13238